Women's participation in panchayati raj : (Record no. 143205)

MARC details
000 -LEADER
fixed length control field 00625nam a22001817a 4500
010 ## - LCCN (DPL NO)
LC control number ENG-119546
020 ## - INTERNATIONAL STANDARD BOOK NUMBER
International Standard Book Number 9788129001306
Terms of availability 495.00
035 ## - SYSTEM CONTROL NUMBER
System control number EN-103078
037 ## - SOURCE OF ACQUISITION
Source of stock number/acquisition DBAD/PUB
082 ## - DEWEY DECIMAL CLASSIFICATION NUMBER
Classification number 305.43320954
100 ## - MAIN ENTRY--PERSONAL NAME
Personal name Sharma, Aarti
245 ## - TITLE STATEMENT
Title Women's participation in panchayati raj :
Statement of responsibility, etc by Aarti Sharma
Remainder of title a case study of haryana /
260 ## - PUBLICATION, DISTRIBUTION, ETC. (IMPRINT)
Place of publication, distribution, etc Chandigarh
Name of publisher, distributor, etc New Era Book Agency
Date of publication, distribution, etc 2016
270 ## - ADDRESS
Address SCO 49-51, Sector - 17 C, Post Box - 52
City Chandigarh
Postal code 160017
300 ## - PHYSICAL DESCRIPTION
Extent 120p.:
Dimensions 23cm(Hb)
Other physical details ill (map)
500 ## - GENERAL NOTE
General note Includes bibliographical references
942 ## - ADDED ENTRY ELEMENTS (KOHA)
Source of classification or shelving scheme Dewey Decimal Classification
Item type English Books
Classification part 305.43320954
Call number suffix SHA
Holdings
Withdrawn status Lost status Not for loan Collection code Home library Current library Date acquired Source of acquisition Cost, normal purchase price Full call number Barcode Copy number Cost, replacement price Koha item type
    Not For Loan Non-fiction D.B.Act.Division Bawana 09/08/2017 DBAD/PUB 495.00 305.43320954 SHA EN-103078 1 495.00 English Books

© Delhi Public Library
Hit Counter
free hit counter